KALR's Presidential Election petition No.1 of 2001 : K. Besigye V. Y.K Museveni / (Record no. 5276)

MARC details
000 -LEADER
fixed length control field 00850nam a22001937a 4500
008 - FIXED-LENGTH DATA ELEMENTS--GENERAL INFORMATION
fixed length control field 130225t xxu||||| |||| 00| 0 eng d
082 ## - DEWEY DECIMAL CLASSIFICATION NUMBER
Edition number 22 ed.
100 ## - MAIN ENTRY--PERSONAL NAME
Personal name Edited by Rwakafuzi, Kiiza Ladislaus
9 (RLIN) 6913
245 ## - TITLE STATEMENT
Title KALR's Presidential Election petition No.1 of 2001 : K. Besigye V. Y.K Museveni /
Statement of responsibility, etc Edited by Ladislaus Kiiza Rwakafuzi
260 ## - PUBLICATION, DISTRIBUTION, ETC. (IMPRINT)
Place of publication, distribution, etc Kampala, Uganda :
300 ## - PHYSICAL DESCRIPTION
Extent ix, 738 P. ;
Dimensions 25 cm.
650 ## - SUBJECT ADDED ENTRY--TOPICAL TERM
Topical term or geographic name as entry element Presidential Election petition
9 (RLIN) 6930
650 ## - SUBJECT ADDED ENTRY--TOPICAL TERM
Topical term or geographic name as entry element Election petitions
9 (RLIN) 6931
650 ## - SUBJECT ADDED ENTRY--TOPICAL TERM
Topical term or geographic name as entry element KALR's Presidential Election petition
9 (RLIN) 6932
650 ## - SUBJECT ADDED ENTRY--TOPICAL TERM
Topical term or geographic name as entry element K. Besigye V. Y.K Museveni
9 (RLIN) 6933
650 ## - SUBJECT ADDED ENTRY--TOPICAL TERM
Topical term or geographic name as entry element KALR's Presidential Election petition No.1 of 2001 : K. Besigye V. Y.K Museveni
9 (RLIN) 6934
942 ## - ADDED ENTRY ELEMENTS (KOHA)
Source of classification or shelving scheme Dewey Decimal Classification
Item type Law Reports
Holdings
Withdrawn status Lost status Source of classification or shelving scheme Damaged status Not for loan Home library Current library Shelving location Date acquired Total Checkouts Barcode Date last seen Copy number Price effective from Koha item type Public note
    Dewey Decimal Classification     Law Development Centre Main Library Law Development Centre Main Library Law Reports 02/25/2013   4287/2013 02/25/2013 1 02/25/2013 Law Reports Reserve